Environmental health engineering in the tropics : (Record no. 547944)
[ view plain ]
| 000 -LEADER | |
|---|---|
| fixed length control field | 00819cam a2200193 a 4500 |
| 082 00 - DEWEY DECIMAL CLASSIFICATION NUMBER | |
| Classification number | 628.0913 |
| Author Mark | CAI |
| -- | L-22, P-17 |
| 100 1# - MAIN ENTRY--PERSONAL NAME | |
| Personal name | Cairncross, Sandy. |
| 9 (RLIN) | 6138 |
| 245 10 - TITLE STATEMENT | |
| Title | Environmental health engineering in the tropics : |
| Remainder of title | an introductory text / |
| Statement of responsibility, etc. | Sandy Cairncross and Richard G. Feachem. |
| 260 ## - PUBLICATION, DISTRIBUTION, ETC. | |
| Place of publication, distribution, etc. | Chichester [West Sussex] ; |
| -- | New York : |
| Name of publisher, distributor, etc. | Wiley, |
| Date of publication, distribution, etc. | c1983. |
| 300 ## - PHYSICAL DESCRIPTION | |
| Extent | xiii, 283 p. : |
| Other physical details | ill. ; |
| Dimensions | 25 cm. |
| 526 ## - STUDY PROGRAM INFORMATION NOTE | |
| Program name | 0 |
| Interest level | 0 |
| Reading level | 0 |
| Title point value | 628_091300000000000_CAI |
| 650 #0 - SUBJECT ADDED ENTRY--TOPICAL TERM | |
| Topical term or geographic name entry element | MCE |
| 9 (RLIN) | 379 |
| 650 #0 - SUBJECT ADDED ENTRY--TOPICAL TERM | |
| Topical term or geographic name entry element | Sanitary engineering |
| General subdivision | Tropical conditions. |
| 9 (RLIN) | 6139 |
| 650 #0 - SUBJECT ADDED ENTRY--TOPICAL TERM | |
| Topical term or geographic name entry element | Sanitary engineering |
| Geographic subdivision | Developing countries. |
| 9 (RLIN) | 6140 |
| 700 1# - ADDED ENTRY--PERSONAL NAME | |
| Personal name | Feachem, Richard G., |
| 9 (RLIN) | 44115 |
| 856 41 - ELECTRONIC LOCATION AND ACCESS | |
| Uniform Resource Identifier | <a href="http://www.loc.gov/catdir/enhancements/fy0607/82011092-t.html">http://www.loc.gov/catdir/enhancements/fy0607/82011092-t.html</a> |
| 856 42 - ELECTRONIC LOCATION AND ACCESS | |
| Uniform Resource Identifier | <a href="http://www.loc.gov/catdir/enhancements/fy0607/82011092-d.html">http://www.loc.gov/catdir/enhancements/fy0607/82011092-d.html</a> |
| 942 ## - ADDED ENTRY ELEMENTS (KOHA) | |
| Source of classification or shelving scheme | |
| Koha item type | Book |
| Withdrawn status | Lost status | Source of classification or shelving scheme | Damaged status | Not for loan | Permanent Location | Current Location | Date acquired | Total Checkouts | Full call number | Barcode | Date last seen | Price effective from | Koha item type |
|---|---|---|---|---|---|---|---|---|---|---|---|---|---|
| Military College of Engineering (MCE) | Military College of Engineering (MCE) | 08/12/2014 | 628.0913 CAI | MCE-24875 | 08/12/2014 | 08/12/2014 | Book |
